Władcy Polski do 1138 - Statystyki

Ogólne statystyki
  • Ten quiz został rozwiązany 38 razy
  • Średni wynik to 8 z 10
Statystyki odpowiedzi
Odpowiedź Lata % Poprawnych
Bolesław I Chrobry 992 - 1025
97%
Mieszko I ok. 960 - 992
97%
Mieszko II Lambert 1025 -1031
91%
Mieszko II Lambert 1032 - 1034
91%
Bolesław III Krzywousty 1098 - 1138
82%
Bolesław II Śmiały 1058 - 1079
82%
Kazimierz I Odnowiciel 1034 - 1058
74%
Bezprym 1031 - 1032
62%
Władysław I Herman 1079 - 1102
62%
Zbigniew 1098 - 1107
38%
Nie znaleziono quizów pasujących do podanych kryteriów
Rozkład punktacji
Procent ludzi z każdym wynikiem
Percentyl według liczby udzielonych odpowiedzi
Twoja historia wyników
Nie rozwiązałeś tego quizu